000 00771nam a2200229Ia 4500
001 15521
003 GE_BSU
008 181216s||||||||xx |||||||||||||| ||und||
040 _cGE_BSU
080 _a821.353.1-32+82-93
100 _aჩხეიძე,ოთარ
245 _aტინის ხიდი. კარი მესამე
245 _bმოთხრობა
245 _cრედ.ა.გომიაშვილი. მხატვ.ვ.ტოროტაძე., გ.გულისაშვილი
260 _aთბილისი
260 _bსაბლიტგამი
260 _c1955
300 _a196გვ.ილ.21სმ.
653 _aმოთხრობა
653 _aტინის ხიდი
942 _cBK
999 _c48621
_d48621